MDQL
is popping MORE tags! Check the
thread
!
Quizzes
Events
Quiz Creation
Community
Videos
Private Events
Remove Ads
Sign In
Join for FREE
Feedback
Dark Mode
Quiz Categories
Sports
Geography
Music
Movies
Television
Just For Fun
Miscellaneous
History
Literature
Language
Science
Gaming
Entertainment
Religion
Holiday
For Kids
Quiz Lab
Recent
Popular Today
Quiz Kudos Today
Editor Picks
Curator Picks
Quizzes by...
Day
Popularity
Type
Ratings
Length
Year
Community
Subscriptions
Recent Discussions
Orange Saloon
Badges
Playlists
Quests
Create
Leaderboards
Showdown
Live 5
Trivia Bingo
Activity
Puzzle Library
Sporcle Events
Private Events
Virtual Trivia
Globe League
Become a Host
Pub Owners
SporcleCon
Opinionation
Our Games
Videos
Blog
Mobile Apps
Partnerships
Remove Ads and Go Orange
Feedback
Music
Pop Music
The Beatles
Song
Album
Lyrics
Bands
Singers
Artist
Clip
Rock
Rap
Classical
Billboard
Country Music
Kpop
Taylor Swift
Music
Pop Music
The Beatles
Song
Album
Lyrics
Bands
Singers
Artist
Clip
Rock
Rap
Classical
Billboard
Country Music
Kpop
Taylor Swift
Random Quiz
Search Sporcle
×
Quiz Lab
Quiz Lab
Music
Bands
Type in answers that appear in a list
Type in answers that appear in a list
Classic
Best Score? Go Orange.
100 80's Artists Stats
Can you name the 100 80's artists?
By
Talkinghead
12m
100 Questions
712 Plays
712 Plays
712 Plays
Comments
Comments
Give Quiz Kudos
Give Quiz Kudos
-
- Ratings
hide this ad
Forced Order
Answers have to be entered in order
Answers have to be entered in order
Random Order
Randomize order of answers
Randomize order of answers
Replay
Link that replays current quiz
Next Quiz
Link to next quiz in quiz playlist
You Got
0%
They Got
Avg Score
74%
Avg Friend Score
Upgrade to see
Score Distribution
Jump to the score distribution portion of the page
Score
0/100
Timer
12:00
0
Plays Today
Songs
Artist
% Correct
Material Girl, Holiday, Like A Prayer
Madonna
93.7%
Roxanne, Don't Stand So Close To Me, Every Breath You Take
The Police
93.7%
It's Still Rock And Roll To Me, Pressure, Uptown Girl
Billy Joel
93%
Careless Whisper, Freedom, Wake Me Up Before You Go-
Go
Wham!
92.6%
Livin' On A Prayer, Wanted Dead Or Alive, You Give Love A Bad Name
Bon Jovi
92%
Jump, Panama, Hot For Teacher
Van Halen
92%
Born In The U.S.A., Glory Days, Dancing In The Dark
Bruce Springsteen
91.9%
A View To A Kill, Rio, Hungry Like The Wolf
Duran Duran
91.6%
Here Comes The Rain Again, Sweet Dreams (Are Made Of This), Who's That Girl?
Eurythmics
91.4%
P.Y.T., Rock With You, Beat It
Michael Jackson
91.3%
Walk Like An Egyptian, Walking Down Your Street, Manic Monday
The Bangles
90.9%
Karma Chameleon, Kiss Me Blind, It's A Miracle
Culture Club
90.9%
Paradise City, Sweet Child O' Mine, Welcome To The Jungle
Guns N' Roses
90.7%
Sussudio, In The Air Tonight, You Can't Hurry Love
Phil Collins
90.7%
Rosanna, Africa, Stranger In Town
Toto
90.7%
Call Me, The Tide Is High, Rapture
Blondie
90.3%
Hit Me With Your Best Shot, Treat Me Right, Love Is A Battlefield
Pat Benatar
90.2%
Is This Love, Eye Of The Tiger, Shower Me With Your Love
Survivor
90.2%
Sultans Of Swing, Walk Of Life, Money For Nothing
Dire Straits
89.9%
Back In Black, Shoot To Thrill, You Shook Me All Night Long
AC/DC
89.2%
Don't Stop Believin', Any Way You Want It, Open Arms
Journey
89.2%
Little Jeannie, Candle In The Wind, Healing Hands
Elton John
88.8%
With Or Without You, Bad, Desire
U2
88.6%
I Wanna Dance With Somebody (Who Loves Me), You Give Good Love, So Emotional
Whitney Houston
88.5%
Foolin', Pour Some Sugar On Me, Photograph
Def Leppard
88.3%
Rock The Casbah, Train In Vain, Should I Stay Or Should I Go
The Clash
88.2%
Who Can It Be Now, Down Under, Overkill
Men At Work
87.9%
Sara, We Built This City, Nothing's Gonna Stop Us Now
Starship
87.6%
Mother Talks, Everybody Wants To Rule The World, Shout
Tears For Fears
87.6%
Love In An Elevator, Rag Doll, Dude (Looks Like A Lady)
Aerosmith
87.5%
I Love Rock N' Roll, Light Of Day, I Hate Myself For Loving You
Joan Jett & The Blackhearts
87.2%
Never Let Me Down, China Girl, Let's Dance
David Bowie
87.1%
Biko, Sledgehammer, Shock The Monkey
Peter Gabriel
86.2%
Danger Zone, Footloose, Keep The Fire
Kenny Loggins
85.7%
Songs
Artist
% Correct
It's The End Of The World As We Know It (And I Feel Fine), Orange Crush, Stand
R.E.M.
85%
Start Me Up, She's So Cold, Rock And A Hard Place
The Rolling Stones
85%
Don't You (Forget About Me), Once Upon A Time, Alive And Kicking
Simple Minds
84.4%
Rock The Night, Carrie, The Final Countdown
Europe
84.3%
Faith, Kissing A Fool, One More Try
George Michael
84.3%
You Make My Dreams, Maneater, Kiss On My List
Hall & Oates
84.1%
Our Lips Are Sealed, Vacation, We Got The Beat
The Go-Go's
83.6%
West End Girls, It's A Sin, Always On My Mind
Pet Shop Boys
83.6%
The Power Of Love, Hip To Be Square, I Want A New Drug
Huey Lewis & The News
82.9%
Addicted To Love, Early In The Morning, I Didn't Mean To Turn You On
Robert Palmer
82.9%
Jessie's Girl, Love Somebody, Don't Talk To Strangers
Rick Springfield
82.7%
I Wanna Rock, We're Not Gonna Take It, The Price
Twisted Sister
82.2%
I Ran (So Far Away), Space Age Love Song, Wishing (If I Had A Photograph Of You)
A Flock Of Seagulls
81.9%
Still Of The Night, Here I Go Again, Fool For Your Loving
Whitesnake
81.5%
You Can Call Me Al, Graceland, Diamonds On The Soles Of Her Shoes
Paul Simon
80.6%
Back On The Chain Gang, Brass In Pocket (I'm Special), Don't Get Me Wrong
The Pretenders
80.1%
Babe, Mr. Roboto, Too Much Time On My Hands
STYX
79.6%
Close To Me, Just Like Heaven, Friday I'm In Love
The Cure
79.4%
Tube Snake Boogie, Cheap Sunglasses, Legs
ZZ Top
79.2%
Shout At The Devil, Dr. Feelgood, Girls, Girls, Girls
Motley Crue
78.5%
Relax, The Power Of Love, Two Tribes
Frankie Goes To Hollywood
78.2%
Love Will Find A Way, Owner Of A Lonely Heart, Leave It
Yes
78.2%
Celebration, Misled, Ladies Night
Kool & The Gang
77.9%
Drive, Hello Again, My Best Friend's Girl
The Cars
77.5%
Centerfold, Love Stinks, Freeze-
Frame
J. Geils Band
77.1%
Jukebox Hero, Urgent, Waiting For A Girl Like You
Foreigner
76.4%
Rock This Town, (She's) Sexy + 17, Stray Cat Strut
Stray Cats
74.6%
Freewill, Tom Sawyer, Limelight
Rush
74.2%
The Boys Of Summer, All She Wants To Do Is Dance, Dirty Laundry
Don Henley
73.9%
Don't Do Me Like That, Refugee, I Won't Back Down
Tom Petty And The Heartbreakers
73.7%
In Too Deep, Land Of Confusion, That's All
Genesis
73.2%
She Drives Me Crazy, Good Thing, Don't Look Back
Fine Young Cannibals
72.6%
Everybody Have Fun Tonight, Let's Go, Don't Let Go
Wang Chung
70.5%
People Are People, Just Can't Get Enough, Strangelove
Depeche Mode
70.1%
Songs
Artist
% Correct
One, For Whom The Bell Tolls, Fade To Black
Metallica
69.4%
Airwaves, She Blinded Me With Science, Radio Silence
Thomas Dolby
69.2%
Higher Love, Back In The High Life Again, The Finer Things
Steve Winwood
68.5%
Run To The Hills, The Number Of The Beast, Hallowed Be Thy Name
Iron Maiden
66.9%
Sunglasses At Night, Never Surrender, It Ain't Enough
Corey Hart
66.6%
Once In A Lifetime, Road To Nowhere, This Must Be The Place (Naive Melody)
Talking Heads
65%
Some Guys Have All The Luck, Forever Young, Love Touch
Rod Stewart
65%
Talking In Your Sleep, What I Like About You, One In A Million
The Romantics
65%
You've Got Another Thing Comin', Living After Midnight, Breaking The Law
Judas Priest
63.1%
Sister Christian, When You Close Your Eyes, Sentimental Street
Night Ranger
62.9%
Part-
Time Lover, That Girl, Send One Your Love
Stevie Wonder
61.2%
This Charming Man, How Soon Is Now?, Heaven Knows I'm Miserable Now
The Smiths
60.1%
Turn Me Loose, Working For The Weekend, This Could Be The Night
Loverboy
60%
Saturday In The Park, We Can Last Forever, Look Away
Chicago
59.6%
Blister In The Sun, Add It Up, Kiss Off
Violent Femmes
57.4%
She Sells Sanctuary, Fire Woman, Spiritwalker
The Cult
57.4%
Youth Gone Wild, 18 & Life, I Remember You
Skid Row
54.2%
Cult Of Personality, Open Letter, Glamour Boys
Living Colour
53.9%
Love Will Tear Us Apart, Isolation, Heart And Soul
Joy Division
53.8%
Tempted, Black Coffee In Bed, Hourglass
Squeeze
51.5%
Rock & Roll Girls, Centerfield, Old Man Down The Road
John Fogerty
51.1%
One Things Leads To Another, Red Skies, Saved By Zero
The Fixx
48.2%
Holiday In Cambodia, California Uber Alles, Too Drunk To ****
Dead Kennedys
45.1%
Never Stop, Lips Like Sugar, The Killing Moon
Echo And The Bunnymen
43.8%
Some Like It Hot, Get It On, Communication
The Power Station
43%
Let My Love Open The Door, Rough Boys, Face The Face
Pete Townshend
42.8%
The Breakup Song (They Don't Write 'Em), Jeopardy, Lucky
Greg Kihn
40.7%
Town Called Malice, That's Entertainment, Start!
The Jam
39.9%
Pride And Joy, Texas Flood, Crossfire
Stevie Ray Vaughan And Double Trouble
39.2%
Genius Of Love, Wordy Rappinghood, Holy Water
Tom Tom Club
30.6%
Freak Scene, In A Jar, Little Fury Things
Dinosaur Jr.
13.8%
Dirty Old Town, Make Believe Mambo, Mea Culpa
David Byrne
5.5%
Quiz Playlist
Details
Report
Send in Message
Add To Playlist
Classic:
Type in answers that appear in a list
Forced Order:
Answers have to be entered in order
Random Order:
Randomize order of answers
Last Updated: Feb 16, 2017
Quiz Scoreboard
CHALLENGE
Sign Up to Join the Scoreboard
Show All
Scores
Hide
Comments
May contain spoilers
Recently Published
Street Fighter Characters
by Artimus82
Gaming
60s
9x9 Crossword: Cartoon Network
by jackfrog10
Miscellaneous
3m
College Basketball Coaching Resumes
by pancakes188
Sports
9m
More to Explore
Quiz From the Vault
Featured Blog Post
Where Did the Easter Bunny Come From?
hide this ad
You Might Also Like...
Tags
Bands Quiz
1980s
Band Name
Today's Top Quizzes in Music
Browse Music
hide this ad
Today's Top Quizzes in Bands
Browse Bands
Top Contributed Quizzes in Music
1
Taylor Swift All Songs (2024)
2
Taylor Swift Logic Puzzle
3
Guess the Artist- 70s Songs
4
7-to-1: Billboard Hot 100 #1 Hits of 2010s
5
Sorting Albums and Songs
6
KPOP LOGIC QUIZ
7
Guess the Taylor Swift song (Mystery Song)
8
Guess The Taylor Swift Lyrics Song #1
9
Billboard Blitz: ABBA
10
Billboard Blitz: The Beatles
Explore More
Trending Topics
Anime
Marvel
Disney
Crossword
Kpop
Harry Potter
NBA
Pokémon
Puzzle
Country
Soccer
The Office
Song
WWE
NFL
hide this ad
More By:
Talkinghead
Quiz
Plays
Rating
Category
Featured
Created
50 Greatest Live Albums Of All Time
19,324
4.37
Music
May 5, 2015
100 Greatest Alternative/Indie Songs
9,426
4.61
Music
Apr 20, 2013
100 Greatest New Wave Songs
5,494
4.79
Music
Feb 24, 2013
The 500 Greatest Albums Of All Time (1-100)
4,657
4.21
Music
May 31, 2012
The Top 1000 Rock Artists Of All Time (1-200)
3,252
3.76
Music
Sep 29, 2012
Go to Creator's Profile
Score Distribution
Quiz Creator Spotlight
Talkinghead
Follow
Send a Message
Quizzes Created
-
Created Quiz Play Count
-
More By This Creator
Popular Quizzes Today
1
Find the US States - No Outlines Minefield
2
Find the Countries of Europe - No Outlines Minefield
3
The Countries of the World
4
Find the US States
5
Risky Map Clicking: Biggest States A-Z
6
US States
7
Popular People in 1961
8
Movies - When Are They Set?
More Music Quizzes
Taylor Swift Album By Color Palette
Curator's Pick
Trending Quizzes
Risky Map Clicking: Least Populous States A-Z
Countries of the World: 200 Million BC
1-10 Letter G Words
Risky Map Clicking: Next State Alphabetically
Adjectives in 80s TV Shows
Recently Updated
Leaping Animals
pecheneg
Reality TV Shows (A-Z)
bhenderson79
Rickey Henderson's Hall of Fame Teammates
pecheneg
Champions League XIs: Arsenal
pecheneg
Quick Pick: Celebrities in WWE's Hall of Fame
aduchscher
A-Z Keypad Blitz II
pecheneg
Multiple Oscar Actors
pecheneg
Mystery Phrase Blitz: Oscar 'Best Actors'
pecheneg
F. Scott Fitzgerald Novels
LTH
Pick 3 Villains
ddd62291
Trending Topics
Marvel
NBA
Anime
Kpop
Harry Potter
Crossword
Disney
Soccer
The Office
Pokémon
WWE
Country
Song
NFL
Puzzle
Your Account Isn't Verified!
In order to create a playlist on Sporcle, you need to verify the email address you used during registration. Go to your
Sporcle Settings
to finish the process.
Report this User
Report this user for behavior that violates our
Community Guidelines
.
Details:
Send Report
Go to the Sporcle.com Mobile Site →
Comments